00571 a2200145 4500003000500000005001700005040000900022082001200031100001800043245007200061260003800133300001300171505022000184650002100404Nust20230504125952.0 cNust a973,ING a H.L .Ingle  aAmerican History: A brief view through reconstruction / bH.L.Ingle aBoston b Little Brown Cop c1978 axi,499 p aCivil War and Beyond (Page-247), The Gilded Age (Page-293), Progressivism Tinkering with Liberal Democracy (Page-345), The Search for Security the New Deal and War (Page-393), The Challenge of Liberation (Page-441). aAmerican History